00914nam a22001577a 4500003000500000005001700005008004100022020001800063050002000081245008100101250001300182260005600195300003100251520042900282650004500711SISC20160617171426.0160616b xxu||||| |||| 00| 0 eng d a9789814512657 aQA 43 T236 2014 aSecondary two normal academic mathematics examination papers / cS. S. Tay.  a3rd ed.  aSingapore : bEducational Publishing House, c2014. a148 p. :bill. ; c26 cm.  aMathematics Examination Papers is specifically written according to the latest guidelines issued by the Ministry of Education. It provides a comprehensive coverage of the topics taught in the Normal (Academic) stream. It comprises 8 sets of examination practice papers to familiarise students with the types of questions commonly set in the examinations. Each set of examination practice paper contains Paper 1 and Paper 2.  aMathematics--Examinations--Periodicals.